Rozpočtovanie podľa čiastkových činností

Rozpočtovanie podľa čiastkových činností (Activity Based Budgeting - ABB) a kalkulácie nákladov podľa čiastkových činností (Activity Based Costing - ABC). Rozpočtovanie nákladov metódou ABB - príklad.

Salvato in:
Dettagli Bibliografici
Autore principale: Tóth, Miroslav, 1961-
Natura: Capitolo di libro
Lingua:slovacco
Soggetti:
Tags: Aggiungi Tag
Nessun Tag, puoi essere il primo ad aggiungerne!!

MARC

LEADER 00000naa$a2200000$$$4500
001 0050729
005 20240502083133.4
041 0 |a slo 
044 |a CZ 
245 1 0 |a Rozpočtovanie podľa čiastkových činností  |c Miroslav Tóth 
520 |a Rozpočtovanie podľa čiastkových činností (Activity Based Budgeting - ABB) a kalkulácie nákladov podľa čiastkových činností (Activity Based Costing - ABC). Rozpočtovanie nákladov metódou ABB - príklad. 
610 2 0 |a rozpočtovanie 
610 2 0 |a rozpočtovníctvo 
610 2 0 |a kalkulácia nákladov 
610 2 0 |a metódy 
610 2 0 |a náklady priame 
610 2 0 |a náklady režijné 
610 2 0 |a metóda ABC 
610 2 0 |a metóda ABB 
100 1 |a Tóth, Miroslav, 1961-